00382 2200157 4500001002100000005001500021008004100036035001900077041000700096082001000103090001400113100001200127245004300139260001600182300002600198INLIS00000000000230220220725120526220725||||||||| | ||| |||| || |  0010-0722002302 aid0 a634.6 aSoe m C.10 aSoewito00aManfaatkan Lahan bercocok Tanam Pepaya aDepokc1990 a95p.;Pig.;Bibl.;21 Cm